Mental Health and education in Hong Kong (Record no. 1444036)

MARC details
000 -LEADER
fixed length control field 00652nam a2200217Ia 4500
005 - DATE AND TIME OF LATEST TRANSACTION
control field 20250923144836.0
008 - FIXED-LENGTH DATA ELEMENTS--GENERAL INFORMATION
fixed length control field 008 250917s9999 xx 000 0 eng d
037 ## - SOURCE OF ACQUISITION
Stock number Textual
040 ## - CATALOGING SOURCE
Original cataloging agency DSWL
Language of cataloging eng
Transcribing agency DSWL
041 ## - LANGUAGE CODE
Language code of text/sound track or separate title eng
Source of code eng
084 ## - COLON CLASSIFICATION NUMBER
Classification number L7:4:691oaT;41-56, N56
Assigning agency DSWL
100 ## - MAIN ENTRY--PERSONAL NAME
Personal name Priestley, K.E.
9 (RLIN) 828972
245 #0 - TITLE STATEMENT
Title Mental Health and education in Hong Kong
Statement of responsibility, etc. by K.E. Priestley
260 ## - PUBLICATION, DISTRIBUTION, ETC.
Place of publication, distribution, etc. Hong Kong
Name of publisher, distributor, etc. KongHong Kong University
Date of publication, distribution, etc. 1956
300 ## - PHYSICAL DESCRIPTION
Extent 98p.
365 ## - TRADE PRICE
Price type code INR
Price amount 7.6
700 ## - ADDED ENTRY--PERSONAL NAME
Personal name B.R Wright
9 (RLIN) 828973
925 ## -
-- 7.6
942 ## - ADDED ENTRY ELEMENTS (KOHA)
Koha item type Textual
Classification part L7:4:691oaT;41-56, N56
Holdings
Withdrawn status Lost status Damaged status Not for loan Home library Current library Date acquired Total Checkouts Full call number Barcode Date last seen Price effective from Koha item type
        Department of Social Work Library Department of Social Work Library 2025-09-23   L7:4:691oaT;41-56, N56 SW0008605 2025-09-23 2025-09-23 Textual
Copyright @ Delhi University Library System